Aires de canço (Record no. 41543)
[ view plain ]
| 000 -LEADER | |
|---|---|
| campo de control de longitud fija | 00497nam a2200169 i 4500 |
| 001 - NÚMERO DE CONTROL | |
| campo de control | 41543 |
| 003 - IDENTIFICADOR DE NÚMERO DE CONTROL | |
| campo de control | ES-MaACL |
| 005 - FECHA Y HORA DE LA ÚLTIMA TRANSACCIÓN | |
| campo de control | 20250722063141.0 |
| 007 - CAMPO FIJO DE DESCRIPCIÓN FÍSICA--INFORMACIÓN GENERAL | |
| campo de control de longitud fija | t| |
| 008 - DATOS DE LONGITUD FIJA--INFORMACIÓN GENERAL | |
| campo de control de longitud fija | 030311s1950 sp ||||1| spa d |
| 100 1# - ENTRADA PRINCIPAL--NOMBRE DE PERSONA | |
| Nombre de persona | Casp, Xavier, |
| Fechas asociadas al nombre | 1915-2004 |
| 9 (RLIN) | 36331 |
| 245 10 - MENCIÓN DEL TÍTULO | |
| Título | Aires de canço |
| Resto del título | : poemes / |
| Mención de responsabilidad, etc. | Xavier Casp. |
| 260 ## - PUBLICACIÓN, DISTRIBUCIÓN, ETC. | |
| Lugar de publicación, distribución, etc. | [Barcelona] : |
| Nombre del editor, distribuidor, etc. | La Revista, |
| Fecha de publicación, distribución, etc. | 1950 ( |
| Lugar de fabricación/manufactura | Sabadell : |
| Fabricante | Juán Gallent) |
| 300 ## - DESCRIPCIÓN FÍSICA | |
| Extensión | 87 p. ; |
| Dimensiones | 20 cm. |
| 852 ## - LOCALIZACIÓN | |
| Ubicación | ES-MaACL |
| Número de control de estantería | D-7884 |
| Sublocalización o colección | R.30241 |
| Estatus retirado | Estado de pérdida | Estado de daño | No para préstamo | Biblioteca de origen | Biblioteca actual | Ubicación en estantería | Fecha de adquisición | Fuente de adquisición | Total de préstamos | Signatura topográfica completa | Código de barras | Visto por última vez | Precio de reemplazo | Tipo de ítem Koha |
|---|---|---|---|---|---|---|---|---|---|---|---|---|---|---|
| Biblioteca del Ateneo de Madrid | Biblioteca del Ateneo de Madrid | Sala Valle Inclán | 17/01/2008 | D-7884 | 901043732 | 23/02/2023 | 23/02/2023 | Libro impreso |
